Famous Novels - Statistics

General Stats
  • This quiz has been taken 48 times
  • The average score is 10 of 16
Answer Stats
Author Answer % Correct
J.R.R.Tolkien The Lord of the Rings
93%
Bram Stoker Dracula
91%
Herman Melville Moby-Dick
84%
Harper Lee To Kill a Mockingbird
84%
Robert Louis Stevenson Treasure Island
84%
Sir Arthur Conan Doyle The Adventures of Sherlock Holmes
81%
Mark Twain The Adventures of Tom Sawyer
70%
Alexandre Dumas The Three Musketeers
70%
Jules Verne 20,000 Leagues Under The Sea
67%
Charles Dickens Oliver Twist
67%
Charles Dickens Great Expectations
65%
William Golding Lord of the Flies
60%
Anna Sewell Black Beauty
56%
Victor Hugo The Hunchback of Notre-Dame
51%
Madeleine L'Engle A Wrinkle in Time
21%
Howard Pyle The Story of King Arthur and His Knights
5%
No matching quizzes found
Score Distribution
Percent of People with Each Score
Percentile by Number Answered
Your Score History
You have not taken this quiz